000 00703nam a2200193 a 4500
001 BRCA_547
005 20190320203046.0
008 940325s1998 ag-a---##d---f000-0cspa-#
040 _aDLC
_cDLC
050 4 _aN6630
_b.C58 1998
245 1 0 _aCiudad de Buenos Aires I.
260 _aBuenos Aires
_bAcademia Nacional de Bellas Artes : Fondo Nacional de las Artes
_c1998
300 _a437 p.
_bil. (algunas a color)
_c27 cm.
440 0 _aPatrimonio artístico nacional : inventario de bienes muebles
_91831
500 _aIncluye índice de nombres, temas, firmas, materias y topográfico e índice de objetos
650 1 4 _aArte argentino
_91832
650 1 4 _aArte colonial
_zArgentina
_91833
942 _2lcc
_cB
999 _c478
_d478